[Event "36 R.G.Nezhmetdinov Memorial"]
[Site ", "]
[Date "2014.06.03"]
[Round "4.28"]
[White "Fedotov, Nikita"]
[Black "Amirkhanov, Roustem"]
[Result "0-1"]
[WhiteElo "2017"]
[BlackElo "2311"]
[PlyCount "80"]
[EventDate "2014.??.??"]

1. Nf3 e6 2. g3 f5 3. Bg2 Nf6 4. O-O d5 5. c4 c6 6. d3 Be7 7. Nbd2 O-O 8. Qc2
Nbd7 9. b3 Ng4 10. Bb2 Bf6 11. Bxf6 Qxf6 12. h3 Nh6 13. cxd5 exd5 14. e4 dxe4
15. dxe4 f4 16. Nc4 Nf7 17. Qb2 Qxb2 18. Nxb2 Nfe5 19. Nxe5 Nxe5 20. gxf4 Rxf4
21. f3 Be6 22. Kf2 g5 23. Ke3 Raf8 24. Na4 Kf7 25. Nc3 Ke7 26. Ne2 Rh4 27. Rh1
Bxh3 28. Rxh3 Rxh3 29. Bxh3 Rxf3+ 30. Kd2 Rxh3 31. Rf1 Nf3+ 32. Kd1 g4 33. Nf4
Rh2 34. Ne2 h5 35. a4 Ke6 36. b4 Ke5 37. Ng3 h4 38. Nf5 Kxe4 39. Nd6+ Ke3 40.
Nxb7 Ra2 0-1

[Event "36 R.G.Nezhmetdinov Memorial"]
[Site ", "]
[Date "2014.06.03"]
[Round "4.29"]
[White "Chernozemov, Andrew"]
[Black "Toropov, Pavel"]
[Result "0-1"]
[WhiteElo "2114"]
[BlackElo "2305"]
[PlyCount "96"]
[EventDate "2014.??.??"]

1. e4 d5 2. exd5 Qxd5 3. Nc3 Qd6 4. d4 Nf6 5. Bc4 a6 6. h3 e6 7. Nf3 b5 8. Bb3
Bb7 9. O-O Nbd7 10. Qe2 Be7 11. Bg5 O-O 12. Rad1 c5 13. dxc5 Qxc5 14. Be3 Qc7
15. Bd4 Nc5 16. Nb1 a5 17. c3 Nxb3 18. axb3 Qc6 19. Rfe1 Rfd8 20. Qf1 Nd7 21.
Nbd2 f6 22. Ne4 e5 23. Ng3 Bf8 24. Be3 a4 25. Nd2 Ba6 26. b4 Bb7 27. f3 Nb6 28.
Nge4 Nd7 29. Ng3 g6 30. f4 f5 31. Nf3 Bg7 32. fxe5 Nxe5 33. Nd4 Qc4 34. Nxb5
Nd3 35. Na3 Qh4 36. Rxd3 Rxd3 37. Qxd3 Qxg3 38. Qf1 Be5 39. Qc4+ Kg7 40. Qe2
Re8 41. Rd1 Qh2+ 42. Kf1 Qh1+ 43. Bg1 Bg3 44. Qc2 Be4 45. Qe2 Bc6 46. Qc2 Re4
47. Qd2 Rf4+ 48. Ke2 Qxg2+ 0-1

[Event "36 R.G.Nezhmetdinov Memorial"]
[Site ", "]
[Date "2014.06.03"]
[Round "4.30"]
[White "Nizamov, Bulat"]
[Black "Filipenko, Alexander V"]
[Result "1/2-1/2"]
[WhiteElo "2005"]
[BlackElo "2293"]
[PlyCount "137"]
[EventDate "2014.??.??"]

1. d4 d5 2. c4 c6 3. Nf3 Nf6 4. Nc3 e6 5. Bg5 h6 6. Bxf6 Qxf6 7. e3 Nd7 8. Bd3
dxc4 9. Bxc4 Bd6 10. O-O O-O 11. Ne4 Qe7 12. Rc1 b6 13. Bd3 Bb7 14. Nxd6 Qxd6
15. Nd2 c5 16. Be4 Qb8 17. Bxb7 Qxb7 18. Qf3 Qa6 19. Qc6 Rfd8 20. dxc5 Rac8 21.
Qf3 Nxc5 22. Nb3 Qxa2 23. Nxc5 Rxc5 24. Rxc5 bxc5 25. Qb7 c4 26. g3 Qa4 27. Kg2
a6 28. Rc1 Qb5 29. Qc7 Rb8 30. Rxc4 Qxb2 31. Rc6 Rb5 32. Rc2 Qe5 33. Qd8+ Kh7
34. Qd3+ f5 35. Rc6 a5 36. Ra6 Rd5 37. Qc2 Rd6 38. Ra7 Qd5+ 39. e4 fxe4 40. h4
e5 41. Kh2 Rc6 42. Qa4 e3 43. Qg4 Rg6 44. Qf5 Qe6 45. Qxe6 Rxe6 46. fxe3 Kg6
47. g4 h5 48. Kg3 hxg4 49. Kxg4 Rb6 50. Rxa5 Rb4+ 51. Kg3 Kf5 52. Ra7 g6 53.
Rh7 Ke4 54. h5 gxh5 55. Rxh5 Rb2 56. Rh7 Kxe3 57. Re7 e4 58. Re8 Rb4 59. Ra8
Rd4 60. Ra3+ Ke2 61. Ra7 Rd2 62. Ra1 e3 63. Kg2 Kd3+ 64. Kf1 Rb2 65. Ke1 Rb3
66. Rd1+ Ke4 67. Rd8 Rb1+ 68. Ke2 Rb2+ 69. Ke1 1/2-1/2

[Event "36 R.G.Nezhmetdinov Memorial"]
[Site ", "]
[Date "2014.06.03"]
[Round "4.31"]
[White "Rjabzev, Konstantin"]
[Black "Glukhov, Alexander"]
[Result "1/2-1/2"]
[WhiteElo "2292"]
[BlackElo "2185"]
[PlyCount "171"]
[EventDate "2014.??.??"]

1. e4 c5 2. Nf3 g6 3. c3 Bg7 4. d4 cxd4 5. cxd4 d5 6. e5 Nh6 7. Bb5+ Nc6 8.
Bxc6+ bxc6 9. O-O O-O 10. b3 Bg4 11. Nbd2 f6 12. h3 Bf5 13. exf6 Bxf6 14. Ba3
Nf7 15. Re1 Qc7 16. Rc1 Rfe8 17. Bc5 a5 18. Nf1 e5 19. dxe5 Nxe5 20. Nxe5 Bxe5
21. Bd4 Bd7 22. Bxe5 Rxe5 23. Qd4 Rxe1 24. Rxe1 Qd6 25. Ne3 Qb4 26. Qd1 Re8 27.
Re2 Qe4 28. Rd2 Rf8 29. Rd4 Qe7 30. Qd2 Qg5 31. Qxa5 Bxh3 32. Qd2 Be6 33. b4
Ra8 34. Qc2 Qe5 35. Rd1 d4 36. Nc4 Qd5 37. Na5 Rc8 38. Nb3 Qe5 39. Nxd4 Bd5 40.
Qc5 Qh5 41. Re1 Qg4 42. f3 Qh4 43. Rd1 Re8 44. Qc3 Bxa2 45. Nxc6 Re2 46. Qd4
Qg3 47. Qd8+ Kg7 48. Qd7+ Bf7 49. Qh3 Qxh3 50. gxh3 Rb2 51. Rd4 Be6 52. h4 Bh3
53. Ne5 Rg2+ 54. Kh1 Rb2 55. Rf4 Bf5 56. Kg1 Kf6 57. Ng4+ Ke6 58. Nf2 Ke5 59.
Rc4 Kd5 60. Rc5+ Kd6 61. Rb5 Kc6 62. Rb8 Kc7 63. Rh8 h5 64. Kg2 Rxb4 65. Kg3
Kd6 66. Re8 Kd7 67. Re3 Kd6 68. Nd1 Rb1 69. Nc3 Rg1+ 70. Kf4 Rh1 71. Kg5 Rg1+
72. Kf6 Rh1 73. Ne4+ Kd5 74. Ng3 Rxh4 75. Re5+ Kc4 76. Nxf5 gxf5 77. Kxf5 Kd4
78. Re1 Rh2 79. Kf4 Kd5 80. Kg5 h4 81. Kg4 Kd6 82. f4 Kd7 83. Re3 Rh1 84. Re2
Kd6 85. f5 h3 86. Kg3 1/2-1/2

[Event "36 R.G.Nezhmetdinov Memorial"]
[Site ", "]
[Date "2014.06.03"]
[Round "4.33"]
[White "Tokarev, Ilya"]
[Black "Ovchinnikov, Vsevolod"]
[Result "1-0"]
[WhiteElo "2295"]
[BlackElo "2135"]
[PlyCount "139"]
[EventDate "2014.??.??"]

1. c4 Nf6 2. Nc3 c5 3. g3 e6 4. Nf3 b6 5. Bg2 Bb7 6. O-O Be7 7. d4 cxd4 8. Qxd4
d6 9. Bg5 O-O 10. Rfd1 h6 11. Bxf6 Bxf6 12. Qf4 Qe7 13. Rac1 Rd8 14. Rc2 Nc6
15. Ne4 Be5 16. Qe3 d5 17. cxd5 Nb4 18. Rcd2 Nxd5 19. Qb3 Bc7 20. Nd4 Be5 21.
e3 Rac8 22. Ne2 Ba6 23. Qa4 Bxe2 24. Rxe2 f5 25. f4 Bxb2 26. Rxb2 fxe4 27. Qxe4
Nc3 28. Rxd8+ Rxd8 29. Qe5 Rd1+ 30. Bf1 Qf6 31. Qh5 Qf5 32. Qf3 Qd5 33. Qxd5
Nxd5 34. Kf2 Rc1 35. Bd3 Kf7 36. Kf3 Nc3 37. e4 Na4 38. Rc2 Rxc2 39. Bxc2 Nc5
40. Ke3 Ke7 41. Kd4 Na6 42. a3 Nc7 43. Bd3 Kf6 44. e5+ Kf7 45. g4 g6 46. Bc4
Ke7 47. a4 Ke8 48. Bb5+ Ke7 49. h4 Nd5 50. f5 g5 51. hxg5 hxg5 52. fxe6 Nc7 53.
Bc6 Kxe6 54. Ke4 a6 55. Bb7 b5 56. a5 Ke7 57. Bc8 Kd8 58. Bf5 Ke7 59. Kd4 Ne6+
60. Kd5 Nf4+ 61. Kc5 Ne2 62. Bc8 Nc1 63. Bxa6 Nb3+ 64. Kxb5 Nxa5 65. Kxa5 Ke6
66. Kb5 Kxe5 67. Kc5 Kf4 68. Bc8 Ke5 69. Bf5 Kf6 70. Kd6 1-0

[Event "36 R.G.Nezhmetdinov Memorial"]
[Site ", "]
[Date "2014.06.03"]
[Round "4.34"]
[White "Zlachevskiy, Leonid"]
[Black "Yandemirov, Valeri"]
[Result "0-1"]
[WhiteElo "2093"]
[BlackElo "2403"]
[PlyCount "74"]
[EventDate "2014.??.??"]

1. e4 e5 2. Nf3 Nc6 3. d4 exd4 4. Nxd4 Bb4+ 5. c3 Bc5 6. Be3 Bb6 7. Bc4 Nge7 8.
O-O O-O 9. Na3 Nxd4 10. Bxd4 Nc6 11. Bxb6 axb6 12. Re1 d6 13. Nc2 Ne5 14. Be2
f5 15. f4 Ng6 16. Bc4+ Kh8 17. g3 fxe4 18. Rxe4 Bf5 19. Re1 Qd7 20. Nd4 Rae8
21. Qb3 Bh3 22. Be6 Bxe6 23. Nxe6 Rf7 24. Re2 Ne5 25. Nd4 Nf3+ 26. Kf2 Rxe2+
27. Nxe2 Nxh2 28. Nd4 Re7 29. Re1 Ng4+ 30. Kf1 Ne3+ 31. Kf2 Qe8 32. Nf3 Ng4+
33. Kf1 Rxe1+ 34. Nxe1 Qe3 35. Qc2 Qxg3 36. Qe2 h5 37. Ng2 Nh2+ 0-1

[Event "36 R.G.Nezhmetdinov Memorial"]
[Site ", "]
[Date "2014.06.03"]
[Round "4.35"]
[White "Mamyrbay, Assad"]
[Black "Davydov, Sergey P"]
[Result "0-1"]
[WhiteElo "2078"]
[BlackElo "2252"]
[PlyCount "78"]
[EventDate "2014.??.??"]

1. e4 c5 2. Nf3 e6 3. d4 cxd4 4. Nxd4 a6 5. Bd3 Nf6 6. O-O d6 7. c4 Nbd7 8. Qe2
Qc7 9. Nc3 Ne5 10. Bd2 Be7 11. Kh1 Nxd3 12. Qxd3 O-O 13. f4 Bd7 14. Rae1 Rfd8
15. e5 Ne8 16. Qe2 Bc6 17. Nxc6 Qxc6 18. Rf3 dxe5 19. fxe5 Rd4 20. b3 Bb4 21.
Rh3 f5 22. Bc1 Rg4 23. Rd3 b5 24. cxb5 axb5 25. Bd2 Nc7 26. h3 Rg6 27. Rc1 Qb6
28. a4 Ba3 29. Rc2 b4 30. Rd6 Qc5 31. Qe1 Ne8 32. Rd3 bxc3 33. Rcxc3 Qa7 34.
Rc4 Be7 35. Be3 Qb7 36. Qd2 h6 37. b4 Qb8 38. Rd7 Bg5 39. Bxg5 Rxg5 0-1

[Event "36 R.G.Nezhmetdinov Memorial"]
[Site ", "]
[Date "2014.06.03"]
[Round "4.36"]
[White "Korovin, Mikhail"]
[Black "Askerov, Marat"]
[Result "0-1"]
[WhiteElo "2197"]
[BlackElo "2085"]
[PlyCount "82"]
[EventDate "2014.??.??"]

1. d4 Nf6 2. Nf3 e6 3. g3 b5 4. Bg2 Bb7 5. O-O c5 6. c3 Be7 7. Bg5 cxd4 8. cxd4
O-O 9. Nbd2 d6 10. Bxf6 Bxf6 11. e4 Nd7 12. Qe2 Qb6 13. Rfd1 Rfd8 14. h4 a6 15.
Nf1 Rac8 16. Rd2 Qc6 17. Ne3 Qb6 18. Ng4 Rc4 19. Rad1 Rdc8 20. e5 Be7 21. Ne3
Rc1 22. d5 dxe5 23. dxe6 Qxe6 24. Kh2 Rxd1 25. Qxd1 Bxf3 26. Qxf3 e4 27. Qd1
Ne5 28. Bh3 Qc6 29. Rc2 Rd8 30. Qh5 Nf3+ 31. Kh1 Rd1+ 32. Nxd1 Qxc2 33. Qd5 Qe2
34. Kg2 Ne1+ 35. Kg1 Nf3+ 36. Kg2 Ne1+ 37. Kg1 Nd3 38. Bf1 Qf3 39. Qb3 h5 40.
Qc2 Bc5 41. Bg2 Qxg2+ 0-1

[Event "36 R.G.Nezhmetdinov Memorial"]
[Site ", "]
[Date "2014.06.03"]
[Round "4.37"]
[White "Murtazin, Bulat"]
[Black "Ioffe, Dmitry"]
[Result "1-0"]
[WhiteElo "2176"]
[BlackElo "2077"]
[PlyCount "79"]
[EventDate "2014.??.??"]

1. d4 g6 2. c4 Bg7 3. Nc3 d6 4. e4 Nh6 5. Nf3 f5 6. Bg5 O-O 7. Be2 Nf7 8. exf5
Nxg5 9. Nxg5 gxf5 10. Nf3 e5 11. d5 Qf6 12. O-O Rf7 13. Ne1 Nd7 14. f4 Nf8 15.
fxe5 dxe5 16. Kh1 Qh6 17. Qc1 Qxc1 18. Rxc1 e4 19. g3 a6 20. Ng2 Bd7 21. Nf4
Re8 22. Bh5 Rfe7 23. Bxe8 Rxe8 24. Nd1 Bd4 25. Rc2 b6 26. Ng2 Ng6 27. Nde3 Rf8
28. Re2 Ne5 29. Nh4 f4 30. Rxf4 Rxf4 31. gxf4 Nd3 32. Nef5 Bxb2 33. Kg1 Bc1 34.
Rxe4 Bxf4 35. Kg2 b5 36. cxb5 Bxb5 37. a4 Bd7 38. Rd4 Ne1+ 39. Kf1 Be5 40. Rg4+
1-0

[Event "36 R.G.Nezhmetdinov Memorial"]
[Site ", "]
[Date "2014.06.03"]
[Round "4.38"]
[White "Mingatin, Mars"]
[Black "Dilmukhametov, Artur"]
[Result "0-1"]
[WhiteElo "2004"]
[BlackElo "2164"]
[PlyCount "58"]
[EventDate "2014.??.??"]

1. d4 Nf6 2. c4 c5 3. Nf3 cxd4 4. Nxd4 e5 5. Nb5 d5 6. cxd5 Bc5 7. e3 O-O 8.
Bc4 e4 9. N5c3 Qe7 10. Nd2 Rd8 11. Qc2 Bf5 12. Nb3 Bb4 13. Nd4 Bg6 14. Qb3 Nbd7
15. Bd2 Nc5 16. Qd1 Bxc3 17. Bxc3 Nxd5 18. Ba5 Rd7 19. O-O Qg5 20. b4 Nxe3 21.
fxe3 Qxe3+ 22. Kh1 Rxd4 23. Qc2 Rd2 24. Bxf7+ Bxf7 25. Qxc5 Qe2 26. Qg5 h6 27.
Qg3 b6 28. Rac1 bxa5 29. Rc7 Qxf1# 0-1

[Event "36 R.G.Nezhmetdinov Memorial"]
[Site ", "]
[Date "2014.06.03"]
[Round "4.39"]
[White "Fakhrutdinov, Timur"]
[Black "Matskevich, Ivan"]
[Result "1-0"]
[WhiteElo "2161"]
[BlackElo "2009"]
[PlyCount "129"]
[EventDate "2014.??.??"]

1. e4 c5 2. Nf3 d6 3. d4 cxd4 4. Nxd4 Nf6 5. Nc3 a6 6. Bg5 e6 7. f4 Be7 8. Qe2
b5 9. e5 dxe5 10. fxe5 Qxd4 11. exf6 Bxf6 12. Rd1 Qa7 13. Bxf6 gxf6 14. Ne4 Nd7
15. g3 Ke7 16. Qd2 Qc7 17. Bg2 Bb7 18. Qxd7+ Qxd7 19. Rxd7+ Kxd7 20. Nc5+ Kc7
21. Nxb7 Ra7 22. Nc5 Kd6 23. Nd3 h5 24. Rf1 f5 25. Rf4 Rc7 26. Rd4+ Ke7 27. c3
f6 28. Nb4 Rc4 29. Rxc4 bxc4 30. Nxa6 Kd6 31. Nb4 h4 32. Kf2 hxg3+ 33. hxg3 e5
34. a4 e4 35. a5 Kc5 36. a6 Kb6 37. Ke3 Rh2 38. Bf1 Kc5 39. a7 Rh8 40. Na6+ Kb6
41. Bxc4 Kxa7 42. b4 Rh3 43. Kf4 Rh2 44. Nc7 Rf2+ 45. Ke3 Rf3+ 46. Kd4 Rxg3 47.
Nd5 Kb7 48. Be2 Rg2 49. Nf4 Rf2 50. Ke3 Rh2 51. c4 Rh1 52. Nd5 Rh3+ 53. Kd4 Rb3
54. b5 Rb2 55. Bh5 Rd2+ 56. Kc5 Rf2 57. Kd6 Rd2 58. c5 e3 59. c6+ Kc8 60. b6 e2
61. Bxe2 Rxe2 62. Ne7+ Rxe7 63. Kxe7 f4 64. b7+ Kc7 65. b8=Q+ 1-0

[Event "36 R.G.Nezhmetdinov Memorial"]
[Site ", "]
[Date "2014.06.03"]
[Round "4.40"]
[White "Bakunin, Damir"]
[Black "Pershin, Denis"]
[Result "0-1"]
[WhiteElo "1992"]
[BlackElo "2157"]
[PlyCount "54"]
[EventDate "2014.??.??"]

1. e4 c5 2. Nf3 d6 3. d4 cxd4 4. Nxd4 Nf6 5. Nc3 Nc6 6. Bc4 e6 7. Bb3 Be7 8.
Be3 O-O 9. O-O Nxd4 10. Bxd4 b5 11. Nxb5 Nxe4 12. Nxa7 Bb7 13. c4 e5 14. Be3 f5
15. f3 Ng5 16. Nb5 Ra6 17. Nxd6 Rxd6 18. c5+ Rd5 19. Qd2 f4 20. Rfd1 fxe3 21.
Bxd5+ Kh8 22. Qxe3 Bxd5 23. Qxe5 Nxf3+ 24. gxf3 Bxc5+ 25. Rd4 Bxd4+ 26. Qxd4
Qg5+ 27. Qg4 Qe3+ 0-1

[Event "36 R.G.Nezhmetdinov Memorial"]
[Site ", "]
[Date "2014.06.03"]
[Round "4.41"]
[White "Pushkin, Eduard"]
[Black "Sharafutdinov, Marat"]
[Result "1/2-1/2"]
[WhiteElo "2150"]
[BlackElo "1837"]
[PlyCount "135"]
[EventDate "2014.??.??"]

1. c4 c6 2. e4 d5 3. exd5 cxd5 4. d4 Nf6 5. Nc3 g6 6. Nf3 Bg7 7. cxd5 O-O 8.
Bc4 b5 9. Bxb5 Nxd5 10. O-O Bb7 11. Be2 Nc6 12. Na4 Rc8 13. Re1 Qd6 14. Nc5 Ba8
15. Ne4 Qb4 16. a3 Qb6 17. Nc3 Nxd4 18. Nxd5 Bxd5 19. Be3 e5 20. Qd2 Rfd8 21.
Nxd4 exd4 22. Bg5 Re8 23. Bd3 Qb7 24. f3 Qb3 25. Rxe8+ Rxe8 26. Rc1 h6 27. Bf4
a5 28. h4 a4 29. h5 g5 30. Bg3 Bf6 31. Bf2 Kg7 32. Rc5 Rd8 33. Bg3 Be6 34. Qe2
Rc8 35. Rxc8 Bxc8 36. Qe4 Qe6 37. Qh7+ Kf8 38. Qxh6+ Ke7 39. Qh7 g4 40. Qe4
gxf3 41. Qxf3 Qe3+ 42. Kh2 Qg5 43. Qe4+ Be6 44. Be2 Kf8 45. Bf3 Bf5 46. Qa8+
Kg7 47. Qxa4 Bg4 48. Qd1 Qxh5+ 49. Kg1 Bxf3 50. Qxf3 Qxf3 51. gxf3 d3 52. Kf2
Bxb2 53. a4 Bd4+ 54. Ke1 Be3 55. a5 Kf6 56. Bc7 Ke6 57. a6 Kd7 58. Bf4 Bb6 59.
Kd2 Kc6 60. Kxd3 Kb5 61. Ke4 Kxa6 62. Kf5 Kb5 63. Kf6 Kc4 64. Kxf7 Kd3 65. Bg3
Be3 66. Ke6 Ke2 67. f4 Bxf4 68. Bxf4 1/2-1/2

[Event "36 R.G.Nezhmetdinov Memorial"]
[Site ", "]
[Date "2014.06.03"]
[Round "4.43"]
[White "Teimurov, Artur"]
[Black "Sadykov, Airat F"]
[Result "1/2-1/2"]
[WhiteElo "1934"]
[BlackElo "2106"]
[PlyCount "131"]
[EventDate "2014.??.??"]

1. d4 Nf6 2. Nf3 g6 3. c4 Bg7 4. Nc3 d5 5. cxd5 Nxd5 6. Bd2 O-O 7. e4 Nxc3 8.
Bxc3 c5 9. d5 Bxc3+ 10. bxc3 e6 11. Be2 exd5 12. exd5 Nd7 13. Qd2 Nf6 14. Rd1
Ne4 15. Qc1 Qf6 16. Rd3 Re8 17. O-O Nxc3 18. Rxc3 Rxe2 19. Rxc5 Bg4 20. Qa3
Bxf3 21. Qxf3 Qxf3 22. gxf3 Rxa2 23. Re1 Rd2 24. Re7 b6 25. Rcc7 Rf8 26. Rxa7
Rxd5 27. Reb7 b5 28. Ra5 Rg5+ 29. Kf1 Rc8 30. Raxb5 Rc1+ 31. Ke2 Rxb5 32. Rxb5
Rh1 33. f4 f5 34. Rb7 Rxh2 35. Ke3 Rh3+ 36. Kd4 Ra3 37. Ke5 Ra6 38. Rc7 Rb6 39.
Ra7 Rc6 40. Rb7 Ra6 41. Rc7 Ra8 42. Kf6 Rf8+ 43. Ke6 h5 44. Rb7 h4 45. Rc7 h3
46. Rc3 Kg7 47. Rxh3 Re8+ 48. Kd6 Re2 49. f3 Kf6 50. Rg3 Rd2+ 51. Kc5 Rd7 52.
Kc4 Kf7 53. Kc3 Rd6 54. Kc4 Ke7 55. Kc5 Kd7 56. Rg2 Kc7 57. Rg3 Rc6+ 58. Kd5
Kd7 59. Kd4 Re6 60. Rg2 Kd6 61. Ra2 Ke7 62. Rg2 Kf6 63. Rg1 Re2 64. Kd3 Ra2 65.
Ke3 Rh2 66. Rg3 1/2-1/2

[Event "36 R.G.Nezhmetdinov Memorial"]
[Site ", "]
[Date "2014.06.03"]
[Round "4.44"]
[White "Faizrakhmanov, Ildar"]
[Black "Merkushev, Dmitry"]
[Result "0-1"]
[WhiteElo "1721"]
[BlackElo "2105"]
[PlyCount "44"]
[EventDate "2014.??.??"]

1. e4 d5 2. exd5 Qxd5 3. Nf3 Bf5 4. d4 Qe4+ 5. Kd2 g6 6. b3 Nc6 7. Bd3 Qd5 8.
c4 Bh6+ 9. Ke1 Qa5+ 10. Ke2 Nxd4+ 11. Nxd4 Qe5+ 12. Be4 Qxe4+ 13. Be3 Bg4+ 14.
Nf3 Bg7 15. Nbd2 Qf5 16. Rc1 O-O-O 17. b4 Qd3+ 18. Ke1 Bc3 19. Qb3 Bxf3 20.
gxf3 Bxd2+ 21. Bxd2 Qxd2+ 22. Kf1 Qxc1+ 0-1

[Event "36 R.G.Nezhmetdinov Memorial"]
[Site ", "]
[Date "2014.06.03"]
[Round "4.45"]
[White "Fraiman, Dmitry"]
[Black "Kleimenov, Ivan"]
[Result "1-0"]
[WhiteElo "2094"]
[BlackElo "1526"]
[PlyCount "55"]
[EventDate "2014.??.??"]

1. Nc3 c6 2. e4 g6 3. d4 d5 4. Nf3 Bg4 5. Be3 Bg7 6. Be2 dxe4 7. Nxe4 Nd7 8.
O-O Ngf6 9. Nxf6+ Nxf6 10. h3 Bxf3 11. Bxf3 O-O 12. c3 e6 13. Qb3 Qe7 14. Bg5
Rfd8 15. Rfe1 Rd7 16. Qa4 a5 17. Qc4 Rc8 18. a4 Qd6 19. Rad1 Nd5 20. Bh4 Qc7
21. Qb3 Qb6 22. Bxd5 Qxb3 23. Bxb3 Re8 24. Bg5 e5 25. dxe5 Rxd1 26. Rxd1 Rxe5
27. Rd8+ Bf8 28. Bh6 1-0

[Event "36 R.G.Nezhmetdinov Memorial"]
[Site ", "]
[Date "2014.06.03"]
[Round "4.46"]
[White "Mischeryakov, Alexey"]
[Black "Rjanova, Valery"]
[Result "0-1"]
[WhiteElo "1945"]
[BlackElo "2131"]
[PlyCount "114"]
[EventDate "2014.??.??"]

1. e4 c5 2. f4 Nc6 3. Nf3 g6 4. c3 d5 5. e5 d4 6. Bc4 Bg7 7. Ng5 Nh6 8. O-O O-O
9. d3 Na5 10. Bb5 a6 11. Ba4 b5 12. Bc2 Nf5 13. Nf3 Bb7 14. g4 Nh6 15. h3 f6
16. cxd4 cxd4 17. exf6 exf6 18. Nbd2 Kh8 19. b4 Nc6 20. a3 f5 21. g5 Nf7 22.
Nb3 Qd6 23. Nc5 Bc8 24. Bb3 Nfd8 25. Re1 Ra7 26. Bd2 Ne7 27. Ne5 Nec6 28. Nf3
Re7 29. Rxe7 Nxe7 30. Qe2 Nd5 31. Ne5 Ne6 32. Nxe6 Bxe6 33. Rc1 Nc3 34. Nxg6+
hxg6 35. Qxe6 Qxe6 36. Bxe6 Ne2+ 37. Kf2 Nxc1 38. Bxc1 Re8 39. Bf7 Rc8 40. Bd2
Kh7 41. Bb3 Bf8 42. h4 Bd6 43. Kf3 Rc7 44. Ke2 a5 45. Kd1 Kg7 46. Ke2 axb4 47.
axb4 Kf8 48. Kf3 Ra7 49. h5 Ra3 50. Bd5 gxh5 51. Be6 Rxd3+ 52. Ke2 Ra3 53. Bxf5
h4 54. Be6 h3 55. f5 h2 56. Bd5 Ra1 57. Be1 d3+ 0-1

[Event "36 R.G.Nezhmetdinov Memorial"]
[Site ", "]
[Date "2014.06.03"]
[Round "4.47"]
[White "Kurninov, Andrei"]
[Black "Zhdanov, Petr"]
[Result "0-1"]
[WhiteElo "1708"]
[BlackElo "2021"]
[PlyCount "94"]
[EventDate "2014.??.??"]

1. e4 c5 2. Nf3 d6 3. d4 cxd4 4. Nxd4 Nf6 5. Nc3 g6 6. g3 Bg7 7. Bg2 O-O 8. O-O
Bg4 9. Nde2 Nc6 10. h3 Bd7 11. Be3 a6 12. Rc1 Qc8 13. Kh2 Ne5 14. b3 Nfg4+ 15.
Kg1 Nxe3 16. fxe3 Qc5 17. Qd2 Bh6 18. Nf4 e6 19. Qd4 Rac8 20. Nce2 Nc6 21. Qxc5
dxc5 22. Rcd1 Ne5 23. g4 Bc6 24. Rd6 Rfd8 25. Rfd1 Rxd6 26. Rxd6 Kf8 27. Kf2
Ke7 28. Rd2 Rd8 29. Rxd8 Kxd8 30. Nd3 Nxd3+ 31. cxd3 Kc7 32. d4 Kb6 33. Nc3 Bg7
34. e5 Bxg2 35. Kxg2 cxd4 36. exd4 Ka5 37. a3 Bf8 38. b4+ Bxb4 39. axb4+ Kxb4
40. d5 exd5 41. Nxd5+ Kc5 42. Nf4 a5 43. Kf3 a4 44. e6 fxe6 45. Nxe6+ Kc4 46.
Ke3 a3 47. Nd4 a2 0-1

[Event "36 R.G.Nezhmetdinov Memorial"]
[Site ", "]
[Date "2014.06.03"]
[Round "4.48"]
[White "Sadykov, Renat"]
[Black "Galimov, Ildus"]
[Result "0-1"]
[WhiteElo "2069"]
[BlackElo "1926"]
[PlyCount "118"]
[EventDate "2014.??.??"]

1. e4 d6 2. d4 Nf6 3. Nc3 c6 4. f4 Qa5 5. Bd3 e5 6. dxe5 dxe5 7. fxe5 Ng4 8.
Nf3 Nxe5 9. Nxe5 Qxe5 10. O-O Bd6 11. Bf4 Qc5+ 12. Kh1 Bxf4 13. Rxf4 Be6 14. e5
Nd7 15. Ne4 Qxe5 16. Qd2 O-O-O 17. Re1 Qc7 18. Ng5 Nc5 19. Nxe6 Nxe6 20. Ra4
Kb8 21. Qf2 b6 22. b4 Nf4 23. Bf1 Rhe8 24. Rxe8 Rxe8 25. b5 Nd5 26. c4 Nc3 27.
Ra3 Ne4 28. Qf3 Nd2 29. Qf2 Nxf1 30. Qxf1 cxb5 31. cxb5 Qc4 32. Qd1 Qxb5 33.
Rf3 Qd5 34. Qc1 Rc8 35. Qf4+ Rc7 36. h3 Qxa2 37. Qe5 f6 38. Qe8+ Rc8 39. Qb5
Qa1+ 40. Rf1 Qe5 41. Qd3 g6 42. Qd7 Qc7 43. Qd4 f5 44. Rd1 Kb7 45. Qa4 Rd8 46.
Re1 Rd7 47. Qa3 Qd6 48. Qa4 Qd4 49. Qa3 a5 50. Rc1 Rc7 51. Rb1 Qc3 52. Qd6 Qc5
53. Qd1 b5 54. Qf3+ Ka7 55. Re1 b4 56. Re8 Qc6 57. Qe3+ Kb7 58. Qe5 a4 59. Qh8
Qc1+ 0-1

[Event "36 R.G.Nezhmetdinov Memorial"]
[Site ", "]
[Date "2014.06.03"]
[Round "4.49"]
[White "Mardakhaev, Semen"]
[Black "Kitov, Matvey"]
[Result "1-0"]
[WhiteElo "1917"]
[BlackElo "1839"]
[PlyCount "73"]
[EventDate "2014.??.??"]

1. d4 Nf6 2. Nf3 g6 3. Bf4 Bg7 4. e3 d6 5. Bd3 O-O 6. c3 Nh5 7. Bg3 Nc6 8. Nbd2
a6 9. Qb3 Rb8 10. Ng5 b5 11. Be4 Bd7 12. Bf3 h6 13. Bxh5 gxh5 14. Ngf3 e5 15.
h3 exd4 16. cxd4 Re8 17. O-O Ne7 18. Nh4 Nf5 19. Nxf5 Bxf5 20. Qd5 Qd7 21. Nf3
Qe6 22. Qxe6 Bxe6 23. Rfc1 Rb7 24. Rc6 Ra7 25. Rac1 Bxa2 26. Rxc7 Rxc7 27. Rxc7
Ra8 28. Bxd6 a5 29. Rc5 b4 30. Rxh5 Bf8 31. Bxf8 Kxf8 32. Nd2 a4 33. Rb5 b3 34.
Nc4 Rc8 35. Rb4 Bb1 36. Rxa4 Bd3 37. Nd2 1-0

[Event "36 R.G.Nezhmetdinov Memorial"]
[Site ", "]
[Date "2014.06.03"]
[Round "4.50"]
[White "Kavyev, Ruslan"]
[Black "Kavyev, Emil"]
[Result "1-0"]
[WhiteElo "1880"]
[BlackElo "1771"]
[PlyCount "59"]
[EventDate "2014.??.??"]

1. e4 e5 2. Nf3 Nc6 3. Bb5 a6 4. Ba4 b5 5. Bb3 Nf6 6. O-O Bc5 7. c3 O-O 8. d4
Be7 9. Nxe5 Nxe5 10. dxe5 Ne8 11. Be3 Bb7 12. Nd2 d6 13. exd6 Bxd6 14. f4 c5
15. a4 c4 16. Bc2 Nc7 17. Qh5 Bc6 18. e5 g6 19. Qh6 Be7 20. f5 Nd5 21. fxg6
fxg6 22. Bxg6 hxg6 23. Qxg6+ Kh8 24. Qh5+ Kg8 25. Qg6+ Kh8 26. Qxc6 Rxf1+ 27.
Rxf1 Nxe3 28. Qh6+ Kg8 29. Qg6+ Kh8 30. Rf7 1-0

[Event "36 R.G.Nezhmetdinov Memorial"]
[Site ", "]
[Date "2014.06.03"]
[Round "4.51"]
[White "Tukaeva, Adelya"]
[Black "Bubnov, Kirill"]
[Result "1-0"]
[WhiteElo "1796"]
[BlackElo "1871"]
[PlyCount "43"]
[EventDate "2014.??.??"]

1. e4 e6 2. d4 d5 3. Nc3 Bb4 4. e5 c5 5. a3 Bxc3+ 6. bxc3 Qc7 7. Qg4 f5 8. Qg3
cxd4 9. cxd4 Ne7 10. c3 O-O 11. Ne2 Nbc6 12. Nf4 Na5 13. Rb1 a6 14. Be2 Bd7 15.
h4 Rac8 16. Bd2 Kh8 17. h5 Rfe8 18. h6 Rg8 19. Qg5 Nec6 20. Ng6+ hxg6 21. hxg7+
Kxg7 22. Qf6# 1-0

[Event "36 R.G.Nezhmetdinov Memorial"]
[Site "Kazan"]
[Date "2014.06.04"]
[Round "5.1"]
[White "Savchenko, Boris"]
[Black "Kokarev, Dmitry"]
[Result "1/2-1/2"]
[WhiteElo "2559"]
[BlackElo "2628"]
[PlyCount "33"]
[EventDate "2014.??.??"]

1. d4 Nf6 2. Bg5 Ne4 3. Bf4 c5 4. f3 Qa5+ 5. c3 Nf6 6. d5 e6 7. e4 exd5 8. e5
Nh5 9. Bc1 Qd8 10. Ne2 Nc6 11. Qxd5 g6 12. Nf4 Qh4+ 13. g3 Nxg3 14. Ng2 Qh5 15.
Nf4 Qh4 16. Ng2 Qh5 17. Nf4 1/2-1/2

[Event "36 R.G.Nezhmetdinov Memorial"]
[Site "Kazan"]
[Date "2014.06.04"]
[Round "5.2"]
[White "Yudin, Sergei"]
[Black "Volkov, Sergey"]
[Result "1-0"]
[WhiteElo "2546"]
[BlackElo "2584"]
[PlyCount "73"]
[EventDate "2014.??.??"]

1. e4 e6 2. d4 d5 3. Nd2 Nf6 4. e5 Nfd7 5. f4 c5 6. Ngf3 Nc6 7. Nb3 c4 8. Nbd2
b5 9. Be2 Nb6 10. Nf1 Bd7 11. Ne3 Qc7 12. O-O Be7 13. Bd2 f5 14. Be1 O-O-O 15.
b3 Ba3 16. Rb1 a5 17. c3 Qa7 18. g4 fxg4 19. Ng5 Rde8 20. Bxg4 h6 21. Nf7 Rhf8
22. Nd6+ Bxd6 23. exd6 b4 24. bxc4 Nxc4 25. Nxc4 dxc4 26. Qe2 Qa6 27. cxb4 axb4
28. Rc1 g5 29. Rxc4 Kd8 30. Bg3 e5 31. Bxd7 Kxd7 32. fxe5 Rxf1+ 33. Qxf1 Rf8
34. e6+ Ke8 35. d7+ Ke7 36. Qxf8+ Kxf8 37. Rxc6 1-0

[Event "36 R.G.Nezhmetdinov Memorial"]
[Site "Kazan"]
[Date "2014.06.04"]
[Round "5.3"]
[White "Rychagov, Andrey"]
[Black "Lintchevski, Daniil"]
[Result "1/2-1/2"]
[WhiteElo "2535"]
[BlackElo "2546"]
[PlyCount "91"]
[EventDate "2014.??.??"]

1. d4 Nf6 2. c4 e6 3. Nc3 Bb4 4. Qc2 O-O 5. a3 Bxc3+ 6. Qxc3 d5 7. Nf3 dxc4 8.
Qxc4 b6 9. Bg5 Ba6 10. Qa4 Qd7 11. Qc2 c5 12. Bxf6 gxf6 13. dxc5 Rc8 14. Qe4
Qb5 15. b4 bxc5 16. e3 Qb7 17. Qxb7 Bxb7 18. Be2 cxb4 19. axb4 a6 20. O-O Nc6
21. Ra4 Ne7 22. Nd4 Nd5 23. Bf3 Rab8 24. h3 Rc4 25. Rfa1 Nc3 26. R4a3 Bxf3 27.
Nxf3 Rbxb4 28. Rxa6 Ra4 29. R1xa4 Rxa4 30. Rxa4 Nxa4 31. g4 Nc5 32. Nd4 Kg7 33.
Kg2 Ne4 34. f3 Nc5 35. Kg3 Nd7 36. f4 Nc5 37. Kf3 Nd7 38. f5 Nc5 39. Ne2 Kf8
40. Nf4 Ke7 41. Nh5 Nb7 42. Kf4 Nc5 43. h4 h6 44. Kf3 Nd3 45. Ke4 Nf2+ 46. Kf3
1/2-1/2